البيئة و التلوث : (رقم التسجيلة. 52073)

تفاصيل مارك
000 -LEADER
fixed length control field 00589nam a22001697a 4500
005 - DATE AND TIME OF LATEST TRANSACTION
control field 20251108170921.0
008 - FIXED-LENGTH DATA ELEMENTS--GENERAL INFORMATION
fixed length control field 250721s1997 xx 000 0 ara d
082 14 - DEWEY DECIMAL CLASSIFICATION NUMBER
Classification number 628.5/محم
100 1# - MAIN ENTRY--PERSONAL NAME
Personal name حسن، محمد إبراهيم
245 10 - TITLE STATEMENT
Title البيئة و التلوث :
Remainder of title دراسة تحليلية لأنواع البيئات مظاهر التلوث /
264 1# - PRODUCTION, PUBLICATION, DISTRIBUTION, MANUFACTURE, AND COPYRIGHT NOTICE
Place of production, publication, distribution, manufacture الإسكندرية :
Name of producer, publisher, distributor, manufacturer مركز الإسكندرية للكتاب،
Date of production, publication, distribution, manufacture, or copyright notice 1997.
300 ## - PHYSICAL DESCRIPTION
Extent 366ص
650 17 - SUBJECT ADDED ENTRY--TOPICAL TERM
Topical term or geographic name as entry element تلوث البيئة
650 17 - SUBJECT ADDED ENTRY--TOPICAL TERM
Topical term or geographic name as entry element الهندسة الصحية
942 ## - ADDED ENTRY ELEMENTS (KOHA)
Source of classification or shelving scheme Dewey Decimal Classification
Koha item type كتب
المقتنيات
حالة السحب حالة الفقدان مصدر التصنيف حالة التلف غير قابل للإعارة المكتبة الرئيسية المكتبة الحالية موقع الرف تاريخ التزويد الرقم المتسلسل Total Checkouts رقم الإستدعاء الباركود تاريخ آخر ظهور تاريخ الفاتورة نوع المادة (كوها)
    Dewey Decimal Classification     مكتبة حمزة العامة مكتبة حمزة العامة الإعارة 21/02/2016 (6606)   628.5/محم PLD00375214 28/07/2025 21/02/2016 كتب
    Dewey Decimal Classification     مكتبة صويلح العامة مكتبة صويلح العامة الإعارة 21/10/2019 014209   628.5/محم PLD00473541 28/07/2025 21/10/2019 كتب
Implemented & Customized by: BBB with SCIT (Smart Chains for Information Technology)

Powered by Koha